01028cam a2200265 a 4500001000400000003001000004005001700014008004100031020001800072040002500090080002400115090002400139100002400163245011700187260003800304300002000342504002500362650003600387650002900423650002900452942001200481952012800493952012800621999001300749311BR-CuiBMT20231025214730.0230929s2019 mgba 000 0 por d a9788545006695 aBR-CuiBMTcBR-CuiBMT 22007a347.9:004.738 a347.9:004.738bZ54f1 aZeni, Paulo César10aFundamentos do processo judicial eletrônico :be a defesa dos direitos no ciberespaço /cPaulo César Zeni. aBelo Hoirzonte :bFórum,c2019. a198 p. ;c22 cm aInclui bibliografia. aProcesso judicial eletrônico  aDireito processual civil aDireito processual penal 2udccLV 00102udc4070aBIBTCEMTbBIBTCEMTd2023-07-28l0o347.9:004.738 Z54fpBIBTCEMT23090115r2023-09-29tEx. 1w2023-09-29yLV 00102udc4070aBIBTCEMTbBIBTCEMTd2023-07-28l0o347.9:004.738 Z54fpBIBTCEMT23090116r2023-09-29tEx. 2w2023-09-29yLV c311d311